|
|
|
|
| LEADER |
005890000a22001810004500 |
| 020 |
|
|
|a 81-7705-166-0
|
| 040 |
|
|
|a MAL
|
| 082 |
|
|
|a A301 PAN1/G P7
|
| 100 |
|
|
|a Panicker, G N; Author
|
| 245 |
|
|
|a G N Panickerude cherukathakal
|
| 260 |
|
|
|a Thiruvananthapuram, Prabhath Book House
|
| 260 |
|
|
|c 2007
|
| 460 |
|
|
|a 292p
|
| 465 |
|
|
|a Rs.400.00
|
| 500 |
|
|
|a G N Panicker
|
| 650 |
|
|
|a Short stories, Malayalam
|
| 999 |
|
|
|c 40518
|d 40518
|
| 952 |
|
|
|0 0
|1 0
|4 0
|6 A_000000000000000_301_PAN1G_P7
|7 0
|8 MAL
|9 41073
|a MGUL
|b MGUL
|d 2013-07-16
|e Rs.400.00
|l 4
|m 2
|o A301 PAN1/G P7
|p 39313
|r 2018-08-29
|s 2018-08-13
|w 2013-07-16
|y BK
|